000 00794nas a2200253 4500
001 BR9213415
003 BR-BrBNA
005 20231205095257.0
007 ta
008 230509b bl.|||p| |||| 00| 00por d
040 _aBR-BrBNA
_bpor
_cBiblioteca Nacional de Agricultura
041 _a(Pt)
072 _aN20; F06
100 1 _aSantos, J.E.G. dos
100 1 _aGamero, C.A.
245 1 _aCultivadores mecanicos: consumo de combustivel e efeitos sobre algumas caracteristicas fisicas do solo
650 _aCultivador Mecanico
650 _aCombustivel
650 _aPropriedade Fisico-Quimica
650 _aSolo
773 0 _tEnergia na Agricultura (Brazil)
_xISSN 0102-9169
_g(1990), v. 5(2) p. 10-18
_wBR9213415
909 _a202311
_bLúcia
_c55
_dLúcia Elande
942 _2AGRIS
_n0
_cANA
999 _c149776
_d149776